Mi manuscrito

Gespeichert in:
Bibliographische Detailangaben
1. Verfasser: Mistral, Darío
Format: Buch
Sprache:Spanisch
Erschienen: Madrid : Hernando, 1945
Katalog:MANES:  Suchergebnis im Bibliothekskatalog
Schulbuchspezifische Eigenschaften:
Schriftenreihe:Lecturas escolares
Tags: Tag hinzufügen
Keine Tags, Fügen Sie den ersten Tag hinzu!
Hinzugefügt zu:24.07.1993
Geändert in:07.05.2025

MARC

LEADER 00000cam a2200000 i 4500
003 OSt
005 20250507134358.0
008 930725s1945 espa f 000 0 spa d
040 |a uned  |b spa  |c entro-manes 
100 1 |a Mistral, Darío 
245 1 0 |a Mi manuscrito /   |c Darío Mistral 
260 |a Madrid :   |b Hernando,   |c 1945 
300 |a 85 p. :   |b il.  |c 13,5x19 cm 
490 0 |a Lecturas escolares 
500 |a Censura eclesiástica: Aprobado pro la autoridad. Ejemplar ilustrado con grabados en blanco y negro 
546 |a España 
561 |5 es-BUNED  |3 L.T. 3584  |a España. Fondo Manes UNED  |k MANES 
690 0 |a EyL 
691 0 |a PRI 
942 |2 ddc  |c BK 
999 |c 93064  |d 93064 
999 |c manes:93064  |d 93064